00180nam a22000857a 4500020001800000100001400018245002300032250001100055260002800066 a9789861946023 a郭雅雯 a居家護理實務 a一版 a台北市b華杏c2021